[Event "Donner Memorial rap"]
[Site "The Hague"]
[Date "2002.04.14"]
[Round "4"]
[White "Kuijpers, Frans"]
[Black "Hartoch, Robert G"]
[Result "1/2-1/2"]
[WhiteElo "2381"]
[BlackElo "2318"]
[PlyCount "30"]
[EventDate "2002.04.14"]
[EventType "tourn (rapid)"]
[EventRounds "5"]
[EventCountry "NED"]
[EventCategory "6"]
[SourceTitle "CBM 087 Extra"]
[Source "ChessBase"]
[SourceDate "2002.05.03"]
[SourceVersion "2"]
[SourceVersionDate "2002.08.09"]
[SourceQuality "1"]

1. e4 g6 2. d4 Bg7 3. Nc3 c6 4. Nf3 d6 5. a4 Nf6 6. Be2 0-0 7. 0-0 Nbd7 8. h3 Qc7 9. Be3 b6 10. Qd2 Bb7 11. Rfe1 a6 12. Bf1 Rad8 13. Bg5 e5 14. Rad1 Bc8 15. Nb1 Nb8 1/2-1/2

[Event "NED-chT 9495"]
[Site "Netherlands"]
[Date "1994.??.??"]
[Round "2"]
[White "Kuijpers, Frans"]
[Black "Langeweg, Kick"]
[Result "1/2-1/2"]
[WhiteElo "2390"]
[BlackElo "2390"]
[PlyCount "45"]
[EventDate "1994.??.??"]
[EventType "team"]
[EventRounds "9"]
[EventCountry "NED"]
[SourceTitle "EXT 1998"]
[Source "ChessBase"]
[SourceDate "1997.11.17"]
[SourceVersion "1"]
[SourceVersionDate "1997.11.17"]
[SourceQuality "1"]

1. e4 c5 2. Nf3 e6 3. d4 cxd4 4. Nxd4 Nc6 5. Nb5 d6 6. c4 Nf6 7. N1c3 a6 8. Na3 Be7 9. Be2 0-0 10. 0-0 b6 11. Be3 Bb7 12. Rc1 Ne5 13. f4 Ned7 14. Bf3 Rc8 15. Qe2 Qc7 16. Kh1 Rfe8 17. Rfe1 Qb8 18. Bf2 Qa8 19. Rcd1 Red8 20. Bh4 Nf8 21. Nab1 Ng6 22. Bg3 Re8 23. Nd2 1/2-1/2

[Event "NED-chT"]
[Site "Netherlands"]
[Date "1992.??.??"]
[Round "?"]
[White "Kuijpers, Frans"]
[Black "Tjiam, Dharma"]
[Result "1/2-1/2"]
[WhiteElo "2390"]
[BlackElo "2225"]
[PlyCount "67"]
[EventDate "1992.??.??"]
[EventType "team"]
[EventRounds "11"]
[EventCountry "NED"]
[SourceTitle "EXT 1999"]
[Source "ChessBase"]
[SourceDate "1998.11.16"]
[SourceVersion "1"]
[SourceVersionDate "1998.11.16"]
[SourceQuality "1"]

1. e4 c5 2. Nf3 e6 3. d4 cxd4 4. Nxd4 a6 5. Bd3 Nf6 6. 0-0 Qb6 7. c3 Qc7 8. Be3 Be7 9. c4 0-0 10. Nc3 d6 11. f4 Nbd7 12. Rc1 b6 13. Qf3 Bb7 14. Bb1 Rfe8 15. Kh1 Rac8 16. b3 Qb8 17. Bd2 Bf8 18. Qh3 h6 19. Rce1 Rcd8 20. Nf3 Qa8 21. Bc1 Nc5 22. e5 Nfe4 23. Nxe4 Nxe4 24. f5 dxe5 25. Nxe5 Nd2 26. fxe6 Rxe6 27. Nxf7 Rxe1 28. Rxe1 Nxb1 29. Nxh6+ gxh6 30. Qe6+ Kh7 31. Qf5+ Kg8 32. Qe6+ Kh7 33. Qf5+ Kh8 34. Qe6 1/2-1/2

[Event "EU-Cup 05th round of 16"]
[Site "Eindhoven"]
[Date "1986.??.??"]
[Round "2.2"]
[White "Kuijpers, Frans"]
[Black "Martin Gonzalez, Angel"]
[Result "1-0"]
[WhiteElo "2405"]
[BlackElo "2420"]
[PlyCount "51"]
[EventDate "1986.??.??"]
[EventType "team-match"]
[EventRounds "2"]
[EventCountry "NED"]
[SourceTitle "EXT 2020"]
[Source "ChessBase"]
[SourceDate "2019.10.17"]
[SourceVersion "1"]
[SourceVersionDate "2019.10.17"]
[SourceQuality "1"]
[WhiteTeam "Eindhoven"]
[BlackTeam "Barcelona Vulca"]
[WhiteTeamCountry "NED"]
[BlackTeamCountry "ESP"]

1. e4 c5 2. Nf3 d6 3. d4 cxd4 4. Nxd4 Nf6 5. Nc3 g6 6. Be2 Bg7 7. 0-0 Nc6 8. Nb3 0-0 9. Be3 Be6 10. f4 Rc8 11. Bf3 Na5 12. Bd4 Nc4 13. Nd5 Nxd5 14. exd5 Bxd4+ 15. Qxd4 Bf5 16. Rf2 a5 17. a4 Qd7 18. Nc1 Qc7 19. b3 Qb6 20. Ne2 Qxd4 21. Nxd4 Ne3 22. c4 Rc7 23. Re2 Ng4 24. Nb5 Rfc8 25. h3 Nf6 26. g4 1-0

[Event "Hoogovens M-4K"]
[Site "Wijk aan Zee"]
[Date "1982.01.17"]
[Round "3"]
[White "Kuijpers, Frans"]
[Black "Bohm, Hans"]
[Result "0-1"]
[WhiteElo "2410"]
[BlackElo "2410"]
[PlyCount "48"]
[EventDate "1982.01.15"]
[EventType "tourn"]
[EventRounds "3"]
[EventCountry "NED"]
[EventCategory "4"]
[SourceTitle "EXT 2002"]
[Source "ChessBase"]
[SourceDate "2001.11.25"]
[SourceVersion "1"]
[SourceVersionDate "2001.11.25"]
[SourceQuality "1"]

1. e4 Nf6 2. e5 Nd5 3. d4 d6 4. Nf3 Nc6 5. c4 Nb6 6. e6 fxe6 7. Ng5 e5 8. Bd3 Nxd4 9. Bxh7 Rxh7 10. Nxh7 Bf5 11. Na3 Nxc4 12. Nxc4 Nc2+ 13. Kf1 Nxa1 14. Nxf8 Kxf8 15. Ne3 Qd7 16. Qf3 g6 17. g4 Qc6 18. Kg2 Qxf3+ 19. Kxf3 Be6 20. Ke4 Bxa2 21. b4 Nb3 22. Bb2 a5 23. Nc2 axb4 24. Nxb4 Ra4 0-1

[Event "NED-ch35"]
[Site "Leeuwarden"]
[Date "1980.03.10"]
[Round "5"]
[White "Van Dop, Arend J"]
[Black "Kuijpers, Frans"]
[Result "1/2-1/2"]
[WhiteElo "2320"]
[BlackElo "2410"]
[PlyCount "40"]
[EventDate "1980.03.05"]
[EventType "tourn"]
[EventRounds "13"]
[EventCountry "NED"]
[EventCategory "7"]
[SourceTitle "MCD"]
[Source "ChessBase"]
[SourceDate "1999.07.01"]
[SourceVersion "1"]
[SourceVersionDate "1999.07.01"]
[SourceQuality "1"]

1. d4 Nf6 2. c4 e6 3. g3 d5 4. Bg2 dxc4 5. Nf3 Be7 6. 0-0 0-0 7. Qc2 a6 8. Qxc4 b5 9. Qc2 Bb7 10. Bd2 Be4 11. Qc1 Nbd7 12. Ba5 Rc8 13. Nbd2 Ba8 14. Qc2 Nb8 15. Nb3 Nc6 16. Bd2 Nb4 17. Bxb4 Bxb4 18. Rfc1 Bd6 19. Nc5 a5 20. e3 Re8 1/2-1/2

[Event "NED-ch35"]
[Site "Leeuwarden"]
[Date "1980.03.07"]
[Round "3"]
[White "Langeweg, Kick"]
[Black "Kuijpers, Frans"]
[Result "1/2-1/2"]
[WhiteElo "2425"]
[BlackElo "2410"]
[PlyCount "55"]
[EventDate "1980.03.05"]
[EventType "tourn"]
[EventRounds "13"]
[EventCountry "NED"]
[EventCategory "7"]
[SourceTitle "MCD"]
[Source "ChessBase"]
[SourceDate "1999.07.01"]
[SourceVersion "1"]
[SourceVersionDate "1999.07.01"]
[SourceQuality "1"]

1. d4 Nf6 2. c4 e6 3. Nc3 Bb4 4. e3 0-0 5. Bd3 c5 6. Nf3 d5 7. 0-0 Nc6 8. a3 Bxc3 9. bxc3 dxc4 10. Bxc4 Qc7 11. Bd3 e5 12. Qc2 Re8 13. e4 exd4 14. cxd4 Bg4 15. e5 Bxf3 16. exf6 Nxd4 17. Bxh7+ Kh8 18. fxg7+ Kxg7 19. Bb2 Rad8 20. Rfc1 Rh8 21. Qxc5 Qxc5 22. Rxc5 Kxh7 23. Bxd4 Rhg8 24. Be5 Rxg2+ 25. Kf1 Rg6 26. Rc3 Bg2+ 27. Ke2 Re8 28. Re3 1/2-1/2

[Event "NED-ch35"]
[Site "Leeuwarden"]
[Date "1980.03.06"]
[Round "2"]
[White "Kuijpers, Frans"]
[Black "Van der Wiel, John"]
[Result "1/2-1/2"]
[WhiteElo "2410"]
[BlackElo "2465"]
[PlyCount "87"]
[EventDate "1980.03.05"]
[EventType "tourn"]
[EventRounds "13"]
[EventCountry "NED"]
[EventCategory "7"]
[SourceTitle "MCD"]
[Source "ChessBase"]
[SourceDate "1999.07.01"]
[SourceVersion "1"]
[SourceVersionDate "1999.07.01"]
[SourceQuality "1"]

1. e4 c5 2. Nf3 e6 3. d4 cxd4 4. Nxd4 Nf6 5. Nc3 Nc6 6. Ndb5 d6 7. Bf4 e5 8. Bg5 a6 9. Na3 b5 10. Nd5 Be7 11. Bxf6 Bxf6 12. c3 0-0 13. Nc2 Bg5 14. a4 bxa4 15. Rxa4 a5 16. Bc4 Kh8 17. 0-0 f5 18. exf5 Bxf5 19. Nce3 Bd7 20. Bd3 Ne7 21. Qh5 g6 22. Qxg5 Nxd5 23. Qxd8 Rfxd8 24. Ra2 Be6 25. Nxd5 Bxd5 26. c4 Be6 27. Rfa1 Rdb8 28. f3 Rb4 29. Rxa5 Rxa5 30. Rxa5 Bxc4 31. Bxc4 Rxc4 32. Rd5 Rc6 33. Kf2 Rb6 34. Rd2 Kg7 35. Ke3 Kf6 36. f4 Rb3+ 37. Kf2 d5 38. Rxd5 Rxb2+ 39. Kf3 Rb3+ 40. Kf2 exf4 41. g3 Rb2+ 42. Kf3 Rxh2 43. Kxf4 Rf2+ 44. Kg4 1/2-1/2

[Event "NED-ch33"]
[Site "Leeuwarden"]
[Date "1978.05.01"]
[Round "12"]
[White "Kuijpers, Frans"]
[Black "Van der Sterren, Paul"]
[Result "1/2-1/2"]
[WhiteElo "2415"]
[BlackElo "2400"]
[PlyCount "46"]
[EventDate "1978.04.17"]
[EventType "tourn"]
[EventRounds "13"]
[EventCountry "NED"]
[EventCategory "7"]
[SourceTitle "EXT 1998"]
[Source "ChessBase"]
[SourceDate "1997.11.17"]
[SourceVersion "1"]
[SourceVersionDate "1997.11.17"]
[SourceQuality "1"]

1. e4 e6 2. d4 d5 3. Nc3 Bb4 4. exd5 exd5 5. Bd3 Ne7 6. Nf3 Bf5 7. 0-0 0-0 8. Bxf5 Nxf5 9. Qd3 Ne7 10. a3 Bxc3 11. Qxc3 Ng6 12. Qb3 b6 13. Re1 Nc6 14. Qd3 Qd7 15. Bd2 Rfe8 16. Rxe8+ Rxe8 17. Re1 Rxe1+ 18. Bxe1 Qe6 19. Kf1 h6 20. Qe3 Qd7 21. g3 Nce7 22. Kg2 Qf5 23. Bb4 Qf6 1/2-1/2

[Event "NED-ch33"]
[Site "Leeuwarden"]
[Date "1978.04.28"]
[Round "10"]
[White "Kuijpers, Frans"]
[Black "Timman, Jan H"]
[Result "0-1"]
[WhiteElo "2415"]
[BlackElo "2585"]
[PlyCount "80"]
[EventDate "1978.04.17"]
[EventType "tourn"]
[EventRounds "13"]
[EventCountry "NED"]
[EventCategory "7"]
[SourceTitle "EXT 1998"]
[Source "ChessBase"]
[SourceDate "1997.11.17"]
[SourceVersion "1"]
[SourceVersionDate "1997.11.17"]
[SourceQuality "1"]

1. e4 c5 2. Nf3 e6 3. d4 cxd4 4. Nxd4 Nf6 5. Nc3 Nc6 6. Ndb5 d6 7. Bf4 e5 8. Bg5 a6 9. Na3 Be6 10. Nc4 Rc8 11. Bd3 Be7 12. Bxf6 Bxf6 13. Ne3 Bg5 14. Ned5 0-0 15. 0-0 Ne7 16. Nxe7+ Qxe7 17. Qe2 g6 18. g3 h5 19. Kh1 Bf6 20. a4 Kg7 21. Nd5 Bxd5 22. exd5 h4 23. f4 Rce8 24. Rae1 hxg3 25. hxg3 e4 26. Bxe4 Bxb2 27. Qg4 Qf6 28. f5 g5 29. Kg2 Bd4 30. Rh1 Rh8 31. Rxh8 Rxh8 32. Rh1 Rxh1 33. Kxh1 Be3 34. Kg2 Qc3 35. Qe2 Kf6 36. Qd3 Qe1 37. Kf3 Bf2 38. Kg4 Bxg3 39. Bg2 Qe5 40. Qxg3 Qxf5+ 0-1

[Event "NED-ch33"]
[Site "Leeuwarden"]
[Date "1978.04.18"]
[Round "2"]
[White "Baljon, Christofoor"]
[Black "Kuijpers, Frans"]
[Result "1-0"]
[WhiteElo "2220"]
[BlackElo "2415"]
[PlyCount "61"]
[EventDate "1978.04.17"]
[EventType "tourn"]
[EventRounds "13"]
[EventCountry "NED"]
[EventCategory "7"]
[SourceTitle "EXT 1998"]
[Source "ChessBase"]
[SourceDate "1997.11.17"]
[SourceVersion "1"]
[SourceVersionDate "1997.11.17"]
[SourceQuality "1"]

1. e4 c5 2. Nf3 e6 3. d4 cxd4 4. Nxd4 Nf6 5. Nc3 d6 6. f4 Nc6 7. Be3 Be7 8. Qf3 0-0 9. 0-0-0 Qc7 10. g4 Nxd4 11. Rxd4 e5 12. Rc4 Bxg4 13. Qg3 Qd7 14. Rg1 g6 15. f5 Rfc8 16. Bg5 Bh5 17. Qh4 Rxc4 18. Bxc4 Qc6 19. b3 d5 20. exd5 Qb6 21. Rf1 Kg7 22. fxg6 fxg6 23. Qg3 Qd4 24. Be3 Qg4 25. Qxe5 Re8 26. d6 Bd8 27. Qd4 Qh3 28. Nd5 Bf3 29. Nf4 Qg4 30. Be6 Rxe6 31. Nxe6+ 1-0

[Event "Nijmegen RABO"]
[Site "Nijmegen"]
[Date "1977.01.29"]
[Round "2"]
[White "Kuijpers, Frans"]
[Black "Sosonko, Gennadi"]
[Result "0-1"]
[WhiteElo "2415"]
[BlackElo "2530"]
[PlyCount "82"]
[EventDate "1977.01.29"]
[EventType "tourn (rapid)"]
[EventRounds "7"]
[EventCountry "NED"]
[EventCategory "8"]
[SourceTitle "EXT 2002"]
[Source "ChessBase"]
[SourceDate "2001.11.25"]
[SourceVersion "1"]
[SourceVersionDate "2001.11.25"]
[SourceQuality "1"]

1. e4 c5 2. Nf3 Nc6 3. d4 cxd4 4. Nxd4 g6 5. Nc3 Bg7 6. Be3 Nf6 7. Bc4 0-0 8. Bb3 d6 9. h3 Na5 10. 0-0 b6 11. Qd3 Bb7 12. Nd5 a6 13. Rfe1 Nxb3 14. Nxf6+ Bxf6 15. axb3 d5 16. exd5 Qxd5 17. f3 Rfd8 18. Red1 b5 19. c4 Qh5 20. cxb5 axb5 21. Rxa8 Bxa8 22. Qe2 Qe5 23. Rd2 b4 24. Qf2 Bh4 25. Qe2 Bg3 26. Kh1 Bf4 27. Bxf4 Qxf4 28. Qxe7 Rxd4 29. Qe8+ Kg7 30. Rxd4 Qxd4 31. Qxa8 Qxb2 32. Qd5 h5 33. Kh2 Qc3 34. Kh1 h4 35. Kh2 Kf6 36. Kh1 Qa1+ 37. Kh2 Qe5+ 38. Qxe5+ Kxe5 39. g3 Kd4 40. gxh4 Kc3 41. h5 gxh5 0-1

[Event "Nijmegen RABO"]
[Site "Nijmegen"]
[Date "1977.01.29"]
[Round "3"]
[White "Ree, Hans"]
[Black "Kuijpers, Frans"]
[Result "1-0"]
[WhiteElo "2460"]
[BlackElo "2415"]
[PlyCount "95"]
[EventDate "1977.01.29"]
[EventType "tourn (rapid)"]
[EventRounds "7"]
[EventCountry "NED"]
[EventCategory "8"]
[SourceTitle "EXT 2002"]
[Source "ChessBase"]
[SourceDate "2001.11.25"]
[SourceVersion "1"]
[SourceVersionDate "2001.11.25"]
[SourceQuality "1"]

1. d4 d5 2. c4 e6 3. Nc3 Be7 4. Nf3 Nf6 5. Bf4 0-0 6. e3 c5 7. dxc5 dxc4 8. Qc2 Bxc5 9. Bxc4 a6 10. 0-0 b5 11. Bd3 Nbd7 12. Rfd1 Bb7 13. Ne5 h6 14. Nxd7 Nxd7 15. Nxb5 Rc8 16. Nc3 Qe7 17. Bh7+ Kh8 18. Be4 Nf6 19. Bxb7 Qxb7 20. Be5 Nd7 21. Bd6 Bxd6 22. Rxd6 Nf6 23. Qd2 Rb8 24. b3 Rfc8 25. h3 Qc7 26. Rd3 Rb6 27. Rd1 Kh7 28. Na4 Rc6 29. Qb4 g6 30. Qh4 Kg7 31. Nb2 Rc2 32. Nc4 Rxa2 33. Nd6 Rb8 34. e4 Qc5 35. Rf3 g5 36. Qg3 Rb4 37. Rxf6 Kxf6 38. Qf3+ Kg7 39. Qxf7+ Kh8 40. Nc4 Qxf2+ 41. Qxf2 Rxf2 42. Kxf2 Rxb3 43. Rd6 Rb4 44. Nd2 a5 45. Rxe6 a4 46. Rxh6+ Kg7 47. Ra6 Kf7 48. Ke3 1-0

[Event "Van Welzenes 1st"]
[Site "Willemstad"]
[Date "1976.09.03"]
[Round "2"]
[White "Boey, Josef Martin"]
[Black "Kuijpers, Frans"]
[Result "1-0"]
[WhiteElo "2415"]
[BlackElo "2430"]
[PlyCount "139"]
[EventDate "1976.09.02"]
[EventType "schev"]
[EventRounds "4"]
[EventCountry "AHO"]
[SourceTitle "EXT 2021"]
[Source "ChessBase"]
[SourceDate "2020.10.23"]
[SourceVersion "1"]
[SourceVersionDate "2020.10.23"]
[SourceQuality "1"]

1. e4 c5 2. Nf3 Nc6 3. d4 cxd4 4. Nxd4 e6 5. Nc3 Qc7 6. g3 a6 7. Bg2 Nf6 8. 0-0 Be7 9. Re1 d6 10. Nxc6 bxc6 11. e5 dxe5 12. Rxe5 0-0 13. Re1 e5 14. Qe2 Re8 15. Qc4 Bb7 16. Bg5 Rad8 17. Bxf6 Bxf6 18. Nd5 Qd6 19. Nxf6+ Qxf6 20. Rad1 h5 21. h4 Qe7 22. Rxd8 Qxd8 23. Qc3 Qc7 24. Qc5 Qe7 25. Qb6 Qd7 26. Bf3 g6 27. Rd1 Qf5 28. Qxb7 Qxf3 29. Rd3 Qe4 30. Qd7 Rb8 31. b3 Qe1+ 32. Kg2 Qe4+ 33. Kg1 Qe1+ 34. Kg2 Qe4+ 35. Kf1 Qh1+ 36. Ke2 Qb1 37. Qxc6 Qxa2 38. Qc3 Re8 39. Rd5 Qa3 40. Rxe5 Rd8 41. Qc7 Rf8 42. Qc6 Qb2 43. Re8 Rxe8+ 44. Qxe8+ Kg7 45. Qe4 Qc3 46. Qd3 Qe5+ 47. Kd2 Qe6 48. Qd4+ Kg8 49. Kc3 Qe1+ 50. Kb2 Qe2 51. b4 Qb5 52. Kb3 Qf1 53. Qc5 Qb1+ 54. Kc3 Qe1+ 55. Kd3 Qd1+ 56. Ke3 Qe1+ 57. Kf3 Qh1+ 58. Ke2 Qc1 59. c4 Qc2+ 60. Kf1 Qb1+ 61. Kg2 Qe4+ 62. Kh2 Qe1 63. b5 axb5 64. cxb5 Kh7 65. b6 Qe4 66. Qc3 Qd5 67. Qb2 Qb7 68. Kg1 Kg8 69. Qb4 Kh7 70. Qa5 1-0